| 000 | 00664nam a2200193Ia 4500 | ||
|---|---|---|---|
| 005 | 20260601193253.0 | ||
| 008 | 260601s9999||||xx |||||||||||||| ||und|| | ||
| 020 |
_a978-3-031-65385-8 _qebk |
||
| 100 | _aAlexander Dudin | ||
| 245 | 0 | _aInformation Technologies and Mathematical Modelling. Queueing Theory and Applications | |
| 250 | _a2024 | ||
| 260 |
_aHeidelberg, Germany _bSpringer Nature _c2024 |
||
| 440 | _aCommunications in Computer and Information Science | ||
| 650 | _aComputer Science | ||
| 700 | _aAlexander Moiseev | ||
| 700 | _aAnatoly Nazarov | ||
| 856 | _uhttps://link.springer.com/openurl?genre=book&isbn=978-3-031-65385-8 | ||
| 942 |
_cEB _2ddc |
||
| 999 |
_c56775 _d56775 |
||